000 00214 a2200109 4500
020 _a9780375502774
041 _aeng
100 _aPo Bronson
245 _aThe Nudist on the Late Shift
942 _cBK
952 _74
999 _c16641
_d16641